01191nam a2200241 a 450000100100000000500170001000800410002704000250006808200270009311000320012024000180015224500490017026000690021930000200028850002700030859000260057865100490060465100610065365100560071491000370077095201250080799900170093200001590420200929164209.0100222s1956 dr 001 0 spa d aDO-SdBNPbspacBNPHU a342.729303bR426c,19562 aRepública Dominicana944710aContitución10aConstitución de la República Dominicana. a[Ciudad Trujillo], República Dominicana :bArte y Cine,c1956. a50 p. ;c23 cm. aEdición especial preparada con ocasión de la primera convención nacioanal de abogados y notarios, como homenaje de gratitud, leartad y devoción al Padre de la Patria Nueva, Generalisimo Doctor Rafael L. Trujillo Molina en el año de Benefactor de la Patria aInventariado, 2019/VM 4aRepública DominicanaxConstitución91008 4aRepública DominicanaxReformas Constitucionales935781 4aRepública DominicanazDerecho Constitucional9449 aValidado. Control de calidad MFF 001050718RVaPDbPDcHDd2010-02-22iLF1l0o342.729303 R426c,1956p15904-10r2020-06-25w2020-06-25y1ZNo se presta c15446d15446